000
00210 a2200097 4500
020
_a
9780064402750
041
_a
eng
100
_a
Barbara Robinson
245
_a
Best the Worst Christmas Pageant Ever
942
_c
K
999
_c
26223
_d
26223